|
|
|
|
| LEADER |
02146nam a2200361 a 4500 |
| 001 |
32186 |
| 003 |
BD-DhAAL |
| 005 |
20260206202956.0 |
| 008 |
171010s2016 bg a b 000 0 ben d |
| 020 |
|
|
|a 9844126134 (v. 6)
|
| 040 |
|
|
|a DLC
|c DLC
|d DLC
|d BD-DhAAL
|
| 082 |
0 |
0 |
|a 954.9205
|2 22
|
| 245 |
0 |
0 |
|a গণমাধ্যমে বাংলাদেশের মুক্তিযুদ্ধ,
|n ষষ্ঠ খন্ড /
|c সংকলন ও সম্পাদনা মুনতাসীর মামুন ও আহমেদ মাহফুজুল হক.
|
| 246 |
3 |
1 |
|a Media and the liberation war of Bangladesh : volume 6
|
| 250 |
|
|
|a দ্বিতীয় মুদ্রণ.
|
| 260 |
|
|
|a ঢাকা :
|b অনন্যা,
|c ২০১৬
|
| 300 |
|
|
|a ৪৬৯ পৃষ্ঠা ;
|b চিত্র :
|c ১৯ সে.মি.
|
| 362 |
O |
|
|a ষষ্ঠ খন্ড.
|
| 504 |
|
|
|a গ্রন্থপুঞ্জিগত নির্দেশিকা ও ইনডেক্স.
|
| 505 |
1 |
|
|a - v. 6. Dainika {macr}Anandab{macr}aj{macr}ara patrik{macr}a theke sa{dotb}mkalana
|
| 520 |
|
|
|a Articles, reports, and cartoons collected from various newspapers and news magazines on the 1971 liberation war of Bangladesh.
|
| 541 |
1 |
|
|e 32186
|
| 546 |
|
|
|a Bengali
|
| 651 |
|
0 |
|a India-Pakistan Conflict, 1971
|x Mass media and the conflict.
|9 60243
|
| 651 |
|
0 |
|a Bangladesh
|x History
|y Revolution, 1971
|x Mass media and the revolution.
|9 22434
|
| 651 |
|
0 |
|a Bangladesh
|x History
|y Revolution, 1971.b
|9 22433
|
| 700 |
1 |
|
|a মামুন, মুনতাসীর.
|9 22435
|
| 700 |
1 |
|
|a হক, আহমেদ মাহফুজুল.
|9 22444
|
| 852 |
4 |
|
|a Ayesha Abed Library
|j Bangabandhu Corner
|
| 942 |
|
|
|2 ddc
|c BK
|
| 999 |
|
|
|c 38389
|d 38389
|
| 952 |
|
|
|0 0
|1 0
|2 ddc
|4 0
|6 954_920500000000000_GAN
|7 0
|9 61454
|a BRACUL
|b BRACUL
|c BNC
|d 2017-10-04
|e Development Book Agency
|g 595.00
|l 0
|o 954.9205 GAN
|p 3010032185
|r 2017-10-04
|t 1
|v 700.00
|w 2017-10-04
|y BK
|
| 952 |
|
|
|0 0
|1 0
|2 ddc
|4 0
|6 954_920500000000000_GAN
|7 0
|9 61455
|a BRACUL
|b BRACUL
|c BNC
|d 2017-10-04
|e Development Book Agency
|g 595.00
|l 0
|o 954.9205 GAN
|p 3010032186
|r 2017-10-04
|t 2
|v 700.00
|w 2017-10-04
|y BK
|